000
00299nam a22001337a 4500
008
170413b xxu||||| |||| 00| 0 eng d
020
_a
9781558743311
041
_a
eng
080
_a
612.39
100
_a
10
101
_a
SHM
245
_a
CHICKEN SOUP FOR THE SOUL
_c
CANFIELD, J
942
_2
udc
_c
BK
999
_c
10647
_d
10647